000
00334 a2200109 4500
001
ART_8902
005
20260410161845.0
008
260409a
245
1
0
_a
La crisis inflacionaria del capitalismo
100
1
_a
Prebisch, Raúl
773
0
_t
El trimestre económico
_g
- Vol. XLIX, Nº 193 (ene./mar. 1982)
_w
REV6933
999
_c
24464
_d
24464